00704cam a22002295a 4500999001700000001000900017003000400026005001700030008004100047010001700088020001800105040001300123042000800136100001400144245003200158260006100190263000900251300001100260906004500271942003400316952012400350 c25682d2568216862172OSt20170201100023.0110708s2011 mau 000 0 eng  a 2011933979 a9781111839512 aDLCcDLC apcc1 aLaw, Joe.10aResearch papers /cJoe Law. aBoston, MA :bCengage Learning Arts and Sciences,c2011. a1111 ap. cm. a0bibccorignewd2eepcnf20gy-gencatlg 2lcccBOOKShLB 2369 .C69 2013 00102lcc4070aMUCbMUCcTECHd2017-02-01eDonation (BFA)l0oLB 2369 .C69 2013p33122r2018-07-12w2017-02-01yBOOKS